000 00511nam a2200169 i 4500
001 87636
003 ES-MaACL
005 20230906175718.0
007 t|
008 041222s1939 gw ||||1| ger d
100 1 _aKugler, Christian.
_968968
245 1 0 _aGrossliebental /
_cChristian Kugler ; beerbeitel von Jacob Stach.
260 _aLeipzig :
_bS. Hirzel,
_c1939 (
_fA. Heine)
300 _aXX, 155 p. :
_b1 retr. aut. ;
_c24 cm.
700 1 _aStach, Jacob.
_9107835
852 _aES-MaACL
_jB-10729
_bR.19074
999 _c87636
_d87636